Frontières du Mozambique. - Statistiques

Statistiques générales
  • Ce quiz a été pris 260 fois
  • Le résultat moyen est 6 sur 6
Statistiques - réponses
Longueurs Pays frontaliers % Correct
491 km Afrique du Sud
98%
756 km Tanzanie
98%
1231 km Zimbabwe
95%
419 km Zambie
93%
105 km Eswatini
90%
1569 km Malawi
86%
Aucun quiz correspondant
Distribution des résultats
% des personnes avec chaque résultat
Percentile par nombre de réponses
Votre historique - résultats
Vous n’avez pas pris ce quiz